Statistics for 75 Biggest Cities in India

Click here to take the quiz!

General Stats

  • This quiz has been taken 83 times
    (76 since last reset)
  • The average score is 33 of 75

Answer Stats

PopulationCity% Correct
11 035 000New Delhi
100%
12 440 000Mumbai
98%
6 730 000Hyderabad
97%
7 090 000Chennai
93%
4 495 000Kolkata
93%
5 575 000Ahmedabad
91%
8 445 000Bangalore
90%
3 045 000Jaipur
84%
3 125 000Pune
81%
1 585 000Agra
78%
2 815 000Lucknow
72%
2 405 000Nagpur
72%
1 800 000Bhopal
71%
4 465 000Surat
71%
1 960 000Indore
67%
2 765 000Kanpur
64%
600 000Kochi
64%
1 685 000Patna
64%
1 030 000Jodhpur
60%
1 130 000Amritsar
57%
1 600 000Coimbatore
57%
1 070 000Ranchi
57%
1 115 000Allahabad
53%
960 000Chandigarh
53%
1 200 000Varanasi
52%
2 035 000Visakhapatnam
52%
625 000Bhilai
48%
1 665 000Vadodara
47%
1 170 000Aurangabad
45%
1 615 000Ludhiana
45%
1 055 000Gwalior
41%
1 560 000Madurai
41%
885 000Mysore
41%
1 010 000Raipur
41%
1 285 000Rajkot
41%
1 475 000Vijayawada
40%
1 405 000Faridabad
38%
1 310 000Meerut
38%
830 000Salem
38%
1 635 000Ghaziabad
36%
965 000Guwahati
36%
960 000Thiruvananthapuram
36%
870 000Aligarh
34%
1 485 000Nashik
34%
1 120 000Navi Mumbai
34%
1 815 000Thane
34%
1 055 000Jabalpur
33%
835 000Bhubaneswar
31%
950 000Solapur
31%
1 160 000Dhanbad
29%
875 000Gurugram
29%
630 000Jamshedpur
29%
1 000 000Kota
29%
640 000Noida
28%
860 000Jalandhar
26%
670 000Gorakhpur
24%
1 730 000Pimpri-Chinchwad
24%
890 000Moradabad
22%
810 000Warangal
22%
900 000Bareilly
21%
605 000Cuttack
21%
1 245 000Kalyan-Dombivali
21%
650 000Bikaner
19%
745 000Guntur
19%
1 220 000Vasai-Virar
19%
875 000Tiruppur
17%
815 000Mira-Bhayandar
16%
645 000Amravati
14%
915 000Tiruchirappalli
12%
605 000Firozabad
10%
1 070 000Howrah
10%
705 000Saharanpur
9%
710 000Bhiwandi
7%
1 195 000Sringar
3%
945 000Hubballi-Dharwad
2%

Score Distribution

Percentile by Number Answered

Percent of People with Each Score

Your Score History

You have not taken this quiz since the last reset